Tim Burton Actors - Sudden Death - Statistics

General Stats
  • This quiz has been taken 112 times
    106 since last reset
  • The average score is 8 of 18
Answers on the Grid
Answers color-coded by a green-red scale on the quiz's grid according to % correct below.
Johnny Depp
Matthew McConaughey
Helena Bonham Carter
Michael Cera
Margot Robbie
Christopher Walken
Michael Keaton
Dominic Monaghan
Anya Taylor-Joy
Jenna Ortega
Bill Murray
Jack Black
Casper Van Dien
Sandra Bullock
Michael Madsen
Steve Buscemi
Tim Roth
Harvey Keitel
Pam Grier
Sean Astin
Billy Boyd
Jack Nicholson
Alec Baldwin
Billy Dee Williams
Elijah Wood
Michelle Pfeiffer
Winona Ryder
Danny DeVito
Robert Englund
Krysten Ritter
 
Answer Stats
Answer % Correct
Johnny Depp
96%
Helena Bonham Carter
89%
Michael Keaton
72%
Winona Ryder
67%
Jenna Ortega
66%
Danny DeVito
58%
Christopher Walken
47%
Michelle Pfeiffer
47%
Jack Nicholson
42%
Alec Baldwin
34%
Tim Roth
30%
Bill Murray
29%
Jack Black
23%
Steve Buscemi
22%
Billy Dee Williams
19%
Casper Van Dien
17%
Pam Grier
8%
Krysten Ritter
5%
No matching quizzes found
Score Distribution
Percent of People with Each Score
Percentile by Number Answered
Your Score History
You have not taken this quiz since the last reset